[Event "Titled Tuesday intern op 02nd Apr Early"]
[Site "Chess.com INT"]
[Date "2024.04.02"]
[Round "3"]
[White "Gledura, Benjamin"]
[Black "Ilinca Ilinca, Felix Antonio"]
[Result "1-0"]
[WhiteElo "2615"]
[BlackElo "2371"]
[PlyCount "73"]
[EventDate "2024.04.02"]
[EventType "swiss (blitz)"]
[EventRounds "11"]
[EventCountry "USA"]
[SourceTitle "CB15_2024"]
[SourceDate "2024.04.10"]
[SourceVersion "1"]
[SourceVersionDate "2024.04.10"]
[SourceQuality "1"]

1. Nf3 d5 2. e3 Bg4 3. c4 e6 4. Qb3 Nc6 5. cxd5 exd5 6. Qxb7 Bd7 7. Qb3 Nf6 8. a3 Bd6 9. Nc3 Be6 10. Bb5 Bd7 11. Nxd5 0-0 12. Nc3 Rb8 13. Qc2 Nb4 14. axb4 Bxb5 15. Nxb5 Rxb5 16. 0-0 Qb8 17. d4 Rxb4 18. h3 Rc8 19. Rd1 c5 20. Qf5 cxd4 21. Nxd4 Bf8 22. Ra6 Rc5 23. Qf3 Qc8 24. Ra1 a5 25. b3 Rd5 26. Bd2 Rb8 27. Rxa5 Rxa5 28. Bxa5 Qa6 29. Bc3 Rc8 30. Ba1 Qa2 31. Nf5 Qxb3 32. Nh6+ Kh8 33. Bxf6 gxf6 34. Qxf6+ Bg7 35. Rd8+ Rxd8 36. Qxd8+ Bf8 37. Qxf8# 1-0

[Event "HUN-chT 2324"]
[Site "Hungary"]
[Date "2024.02.18"]
[Round "4.3"]
[White "Gledura, Benjamin"]
[Black "Prohaszka, Peter"]
[Result "1/2-1/2"]
[WhiteElo "2633"]
[BlackElo "2578"]
[PlyCount "87"]
[EventDate "2023.10.28"]
[EventType "team-tourn"]
[EventRounds "9"]
[EventCountry "HUN"]
[SourceTitle "CB16_2024"]
[SourceDate "2024.04.17"]
[SourceVersion "1"]
[SourceVersionDate "2024.04.17"]
[SourceQuality "1"]
[WhiteTeam "Tungsram ANSK"]
[BlackTeam "Ajka Sentimento"]
[WhiteTeamCountry "HUN"]
[BlackTeamCountry "HUN"]

1. c4 e6 2. Nc3 d5 3. d4 Nf6 4. cxd5 exd5 5. Bg5 c6 6. e3 Bf5 7. Nge2 h6 8. Bf4 Bd6 9. Bxd6 Qxd6 10. Ng3 Bh7 11. Bd3 0-0 12. 0-0 Nbd7 13. f3 c5 14. Bxh7+ Kxh7 15. Qc2+ g6 16. Rad1 Rae8 17. Qf2 cxd4 18. Rxd4 Qe5 19. Re1 Nc5 20. Nf1 Re7 21. Red1 Rd7 22. Qg3 Qxg3 23. Nxg3 Rfd8 24. R4d2 Ne6 25. Nge2 a6 26. Kf2 Kg7 27. g4 Nc7 28. h4 h5 29. g5 Ng8 30. Nf4 Ne7 31. Ne4 d4 32. exd4 Ncd5 33. Nxd5 Nxd5 34. Rc1 Re7 35. a3 Red7 36. b4 Ne7 37. Nf6 Rxd4 38. Rxd4 Rxd4 39. Rc7 Kf8 40. Rxb7 Nf5 41. Nd7+ Ke7 42. Nf6+ Kf8 43. Nd7+ Ke8 44. Nf6+ 1/2-1/2

[Event "Pan American Intercollegiate-chT"]
[Site "McAllen"]
[Date "2024.01.07"]
[Round "6.5"]
[White "Sorokin, Aleksey"]
[Black "Gledura, Benjamin"]
[Result "1-0"]
[WhiteElo "2555"]
[BlackElo "2633"]
[PlyCount "91"]
[EventDate "2024.01.04"]
[EventType "team-swiss"]
[EventRounds "6"]
[EventCountry "USA"]
[SourceTitle "CB02_2024"]
[SourceDate "2024.01.10"]
[SourceVersion "1"]
[SourceVersionDate "2024.01.10"]
[SourceQuality "1"]
[WhiteTeam "Texas Tech Univ"]
[BlackTeam "Webster Univ"]
[WhiteTeamCountry "USA"]
[BlackTeamCountry "USA"]

1. d4 Nf6 2. c4 e6 3. Nc3 d5 4. cxd5 exd5 5. Bg5 Be6 6. e3 Nbd7 7. Bd3 c6 8. Nge2 h6 9. Bf4 g5 10. Bg3 Nh5 11. Qc2 Nxg3 12. Nxg3 h5 13. e4 Nb6 14. e5 Rc8 15. 0-0 h4 16. Nge2 Bh6 17. f4 gxf4 18. Nxf4 Bxf4 19. Rxf4 Qg5 20. Raf1 Kd7 21. a4 a5 22. R1f2 Rcg8 23. Nd1 Qe7 24. Qd2 Qb4 25. Qxb4 axb4 26. b3 Nc8 27. Nb2 Ne7 28. Bc2 b6 29. Nd3 Rc8 30. a5 bxa5 31. Nc5+ Ke8 32. Bd3 Rb8 33. Ra2 Ra8 34. Na6 Ra7 35. Rxa5 Bc8 36. Ra4 Bxa6 37. Bxa6 Rh6 38. Rf1 Rg6 39. Rf4 Rg5 40. Kf2 Ng6 41. Rf6 Rc7 42. Rxb4 c5 43. Rb8+ Ke7 44. Bb5 Nxe5 45. dxe5 Rxe5 46. Rh6 1-0

[Event "Saint Louis Winter Blitz"]
[Site "Saint Louis"]
[Date "2023.12.20"]
[Round "8.2"]
[White "Gledura, Benjamin"]
[Black "Chandra, Akshat"]
[Result "1-0"]
[WhiteElo "2633"]
[BlackElo "2486"]
[PlyCount "87"]
[EventDate "2023.12.20"]
[EventType "schev (blitz)"]
[EventRounds "12"]
[EventCountry "USA"]
[SourceTitle "CB52_2023"]
[SourceDate "2023.12.27"]
[SourceVersion "1"]
[SourceVersionDate "2023.12.27"]
[SourceQuality "1"]
[WhiteTeam "Team A"]
[BlackTeam "Team B"]
[WhiteTeamCountry "USA"]
[BlackTeamCountry "USA"]

1. g3 d5 2. Nf3 c6 3. Bg2 Nf6 4. 0-0 Bg4 5. h3 Bh5 6. d4 e6 7. c4 Nbd7 8. cxd5 exd5 9. Ne5 Ne4 10. Nd2 Nxd2 11. Qxd2 Bd6 12. g4 Bg6 13. f4 Be4 14. Bxe4 dxe4 15. Qe3 f5 16. gxf5 Nf6 17. Qb3 Qe7 18. Qe6 Rf8 19. Nc4 Bc7 20. b3 Nd5 21. Ba3 Qxe6 22. fxe6 Rxf4 23. e3 Rf6 24. Rxf6 gxf6 25. Kh1 0-0-0 26. Rf1 b5 27. Nd2 Re8 28. e7 Nxe7 29. Bxe7 Rxe7 30. Rxf6 Kb7 31. Kg2 Ba5 32. Nf1 Bb4 33. Ng3 c5 34. dxc5 Bxc5 35. Kf2 Bb6 36. Ke2 Rc7 37. Nxe4 Rc2+ 38. Kd3 Rxa2 39. Nd6+ Ka6 40. Nc8 Rb2 41. Nxb6 axb6 42. Kc3 Re2 43. Re6 Ka5 44. b4+ 1-0

[Event "Saint Louis Winter"]
[Site "Saint Louis"]
[Date "2023.12.17"]
[Round "4.2"]
[White "Chandra, Akshat"]
[Black "Gledura, Benjamin"]
[Result "1/2-1/2"]
[WhiteElo "2486"]
[BlackElo "2633"]
[PlyCount "87"]
[EventDate "2023.12.16"]
[EventType "schev"]
[EventRounds "6"]
[EventCountry "USA"]
[SourceTitle "CB52_2023"]
[SourceDate "2023.12.27"]
[SourceVersion "1"]
[SourceVersionDate "2023.12.27"]
[SourceQuality "1"]
[WhiteTeam "Team B"]
[BlackTeam "Team A"]
[WhiteTeamCountry "USA"]
[BlackTeamCountry "USA"]

1. d4 d5 2. c4 e6 3. Nc3 Nf6 4. cxd5 exd5 5. Bg5 c6 6. e3 h6 7. Bh4 Be7 8. Bd3 0-0 9. Qc2 Re8 10. Nf3 Nbd7 11. 0-0 Ne4 12. Bxe4 Bxh4 13. Bh7+ Kf8 14. Bd3 Bf6 15. b4 Nb6 16. b5 Bd7 17. a4 cxb5 18. axb5 Re7 19. Nd2 Be6 20. Nb3 Rc7 21. Nc5 Bc8 22. Rfc1 Be7 23. N3a4 Nxa4 24. Rxa4 Kg8 25. b6 Rc6 26. Rxa7 Rb8 27. Ra3 Qxb6 28. Rc3 Bxc5 29. Rxc5 Bd7 30. Rb1 Rxc5 31. dxc5 Qc7 32. h3 Qe5 33. Qb2 Qg5 34. Kh2 Bc6 35. Bb5 Ra8 36. Bxc6 bxc6 37. Ra1 Rxa1 38. Qxa1 Qd8 39. Qe5 Qf8 40. Qc7 Qxc5 41. Qc8+ Kh7 42. Qf5+ Kg8 43. Qc8+ Kh7 44. Qf5+ 1/2-1/2

[Event "EU-chT 24th"]
[Site "Budva"]
[Date "2023.11.15"]
[Round "5.1"]
[White "Gledura, Benjamin"]
[Black "Rodshtein, Maxim"]
[Result "1-0"]
[WhiteElo "2633"]
[BlackElo "2582"]
[PlyCount "123"]
[EventDate "2023.11.11"]
[EventType "team-swiss"]
[EventRounds "9"]
[EventCountry "MNE"]
[SourceTitle "CB47_2023"]
[SourceDate "2023.11.22"]
[SourceVersion "1"]
[SourceVersionDate "2023.11.22"]
[SourceQuality "1"]
[WhiteTeam "Hungary"]
[BlackTeam "Israel"]
[WhiteTeamCountry "HUN"]
[BlackTeamCountry "ISR"]

1. d4 Nf6 2. c4 e6 3. Nc3 Bb4 4. e3 0-0 5. Bd3 d5 6. cxd5 exd5 7. Nge2 Re8 8. 0-0 Bd6 9. Bd2 b6 10. Nf4 Bxf4 11. exf4 c5 12. dxc5 bxc5 13. Re1 Rxe1+ 14. Bxe1 Nc6 15. b3 Nb4 16. Bf1 Ba6 17. a3 Bxf1 18. axb4 cxb4 19. Kxf1 bxc3 20. Bxc3 Ne4 21. Bd4 Qb8 22. Kg1 Qxf4 23. Rxa7 Rb8 24. g3 Qf5 25. h4 h5 26. Re7 Qg4 27. Qd3 Rc8 28. Bb2 Qf5 29. Qd4 f6 30. Qa7 Kh8 31. Kg2 Qg4 32. Rc7 Re8 33. Qa4 Rb8 34. Bc1 Qd1 35. Qd7 Rg8 36. b4 d4 37. Qf5 Qg4 38. Qxg4 hxg4 39. Rd7 Rc8 40. Rxd4 Nxg3 41. Kxg3 Rxc1 42. Kxg4 g6 43. Kf3 Kg7 44. Ke3 Kf7 45. Kd2 Rf1 46. Kc3 Rxf2 47. b5 Rf3+ 48. Kc4 Ke6 49. b6 Rf1 50. Kb5 Rb1+ 51. Kc6 Rc1+ 52. Kb7 g5 53. h5 f5 54. Ka6 f4 55. b7 Rb1 56. Rd8 f3 57. b8Q Rxb8 58. Rxb8 Kf7 59. Rb7+ Kf6 60. Rb6+ Kf5 61. Rb5+ Kf6 62. h6 1-0

[Event "FIDE Grand Swiss"]
[Site "Douglas"]
[Date "2023.11.01"]
[Round "7"]
[White "Gledura, Benjamin"]
[Black "Tabatabaei, Mohammad Amin"]
[Result "1-0"]
[WhiteElo "2633"]
[BlackElo "2685"]
[PlyCount "123"]
[EventDate "2023.10.25"]
[EventType "swiss"]
[EventRounds "11"]
[EventCountry "IOM"]
[SourceTitle "Mega2024 Update 01"]
[Source "Chessbase"]
[SourceDate "2023.11.12"]
[SourceVersion "1"]
[SourceVersionDate "2023.11.12"]
[SourceQuality "1"]

1. d4 Nf6 2. c4 e6 3. Nc3 d5 4. cxd5 exd5 5. Bg5 Be7 6. e3 0-0 7. Bd3 Re8 8. Nge2 c6 9. h3 Nbd7 10. Qc2 b5 11. 0-0 g6 12. Nc1 a5 13. a4 b4 14. N3e2 Qb6 15. Nb3 Ba6 16. Bxa6 Qxa6 17. Rac1 Rac8 18. Nf4 Bf8 19. Bxf6 Nxf6 20. Qe2 Qb6 21. Rc2 Bd6 22. Nd3 h5 23. Rfc1 Kg7 24. Ndc5 Bb8 25. Qf3 Re7 26. Nd2 Qc7 27. Nf1 Ba7 28. Nd3 Qb7 29. Nd2 Bb8 30. Nb3 Qb6 31. Rc5 Ne4 32. R5c2 Bd6 33. Qd1 Bb8 34. Nbc5 Kg8 35. Nxe4 dxe4 36. Nc5 Qc7 37. g3 Qd6 38. h4 Qd5 39. Qf1 Bc7 40. Qa6 Rb8 41. Qc4 Bb6 42. Na6 Ra8 43. Qxd5 cxd5 44. Nc7 Bxc7 45. Rxc7 Ree8 46. R1c6 b3 47. Rb7 Reb8 48. Rcc7 Rxb7 49. Rxb7 Kg7 50. Rxb3 Kf6 51. Rb6+ Ke7 52. b3 Kd7 53. Kg2 Ke7 54. Kh3 Rc8 55. Rb5 Kd6 56. Rxa5 Rb8 57. Rb5 Rxb5 58. axb5 f5 59. g4 hxg4+ 60. Kg3 Kc7 61. Kf4 Kb6 62. Ke5 1-0

[Event "FIDE Grand Swiss"]
[Site "Douglas"]
[Date "2023.10.27"]
[Round "3"]
[White "Gledura, Benjamin"]
[Black "Rodrigue Lemieux, Shawn"]
[Result "0-1"]
[WhiteElo "2633"]
[BlackElo "2488"]
[PlyCount "68"]
[EventDate "2023.10.25"]
[EventType "swiss"]
[EventRounds "11"]
[EventCountry "IOM"]
[SourceTitle "Mega2024 Update 01"]
[Source "Chessbase"]
[SourceDate "2023.11.12"]
[SourceVersion "1"]
[SourceVersionDate "2023.11.12"]
[SourceQuality "1"]

1. d4 Nf6 2. c4 e6 3. Nf3 d5 4. g3 Be7 5. Bg2 0-0 6. Nc3 dxc4 7. Ne5 Nc6 8. Bxc6 bxc6 9. Nxc6 Qe8 10. Nxe7+ Qxe7 11. Qa4 c5 12. dxc5 Qxc5 13. Be3 Qc7 14. f3 a5 15. 0-0-0 Rb8 16. Rd2 Rb4 17. Qc2 Re8 18. Rhd1 h6 19. Kb1 Bd7 20. Ka1 Nd5 21. Bd4 Nxc3 22. Qxc3 e5 23. Be3 Ba4 24. Rc1 Qc6 25. f4 Qe4 26. Bc5 Rb7 27. fxe5 Rxe5 28. Bd4 Rd5 29. Qxc4 Rb4 30. Qc8+ Kh7 31. e3 f6 32. Qc7 Bd7 33. Qf4 Qe6 34. Rc7 Rf5 0-1

[Event "AI Cup Div 2 L"]
[Site "Chess.com INT"]
[Date "2023.09.26"]
[Round "1.3"]
[White "Eljanov, Pavel"]
[Black "Gledura, Benjamin"]
[Result "1-0"]
[WhiteElo "2695"]
[BlackElo "2633"]
[PlyCount "97"]
[EventDate "2023.09.26"]
[EventType "k.o. (rapid)"]
[EventRounds "6"]
[EventCountry "USA"]
[SourceTitle "EXT 2024"]
[Source "ChessBase"]
[SourceDate "2023.10.10"]
[SourceVersion "1"]
[SourceVersionDate "2023.10.10"]
[SourceQuality "1"]

1. e4 c5 2. Nf3 d6 3. d4 cxd4 4. Nxd4 Nf6 5. Nc3 a6 6. Be2 e6 7. Be3 Qc7 8. Qd2 b5 9. a3 Nbd7 10. f3 h5 11. 0-0-0 Be7 12. h3 h4 13. Ndxb5 axb5 14. Nxb5 Qc6 15. Nxd6+ Kf8 16. Bb5 Qc7 17. Bf4 e5 18. Be3 g6 19. Bc4 Rh7 20. Bb3 Ba6 21. Kb1 Rd8 22. Bh6+ Kg8 23. Nxf7 Rxf7 24. Qg5 Nf8 25. Bxf8 Kxf8 26. Qxg6 Rxd1+ 27. Rxd1 Bc4 28. Qh6+ Rg7 29. Rd2 Bxb3 30. cxb3 Ng8 31. Qa6 Rf7 32. Rc2 Qd6 33. Rc6 Qd1+ 34. Ka2 Nf6 35. Qc8+ Kg7 36. Qf5 Qd4 37. Re6 Bxa3 38. Qg5+ Kf8 39. Qh6+ Kg8 40. bxa3 Qf2+ 41. Kb1 Qe1+ 42. Kb2 Qf2+ 43. Kb1 Qe1+ 44. Qc1 Qe3 45. Qxe3 Nh7 46. Qh6 Nf8 47. Re8 Rf4 48. a4 Rf7 49. a5 1-0

[Event "AI Cup Play In Match"]
[Site "Chess.com INT"]
[Date "2023.09.18"]
[Round "1.1"]
[White "Esipenko, Andrey"]
[Black "Gledura, Benjamin"]
[Result "0-1"]
[WhiteElo "2683"]
[BlackElo "2633"]
[PlyCount "239"]
[EventDate "2023.09.18"]
[EventType "k.o. (rapid)"]
[EventRounds "1"]
[EventCountry "USA"]
[SourceTitle "EXT 2024"]
[Source "ChessBase"]
[SourceDate "2023.10.10"]
[SourceVersion "1"]
[SourceVersionDate "2023.10.10"]
[SourceQuality "1"]

1. e4 e5 2. Nf3 Nc6 3. Bc4 Nf6 4. d3 Be7 5. 0-0 0-0 6. Nc3 d6 7. a3 h6 8. h3 Re8 9. Re1 Bf8 10. Be3 Be6 11. Bxe6 Rxe6 12. Nd5 Nb8 13. c4 Nbd7 14. b4 c6 15. Nc3 a6 16. a4 Re8 17. Rb1 Rc8 18. Qb3 a5 19. b5 Nc5 20. Bxc5 dxc5 21. Ne2 Qd6 22. bxc6 bxc6 23. Qc3 Qc7 24. Rb3 Bd6 25. Reb1 Rb8 26. Rxb8 Rxb8 27. Rxb8+ Qxb8 28. Qxa5 Qb1+ 29. Ne1 Bc7 30. Qc3 Qa2 31. Qc2 Qa1 32. Nc1 Ba5 33. Nf3 Bb4 34. Kh2 Nd7 35. Na2 Ba5 36. Nc1 Bb4 37. g3 Nb6 38. Nb3 Qf1 39. a5 Na4 40. a6 f6 41. g4 Kh7 42. Kg3 Nc3 43. Nc1 Ba3 44. Nb3 Ne2+ 45. Qxe2 Qxe2 46. a7 Qxd3 47. a8Q Qxb3 48. Qxc6 Qxc4 49. Nh4 Qb3+ 50. Kg2 Qf7 51. Nf5 c4 52. h4 h5 53. f3 hxg4 54. fxg4 Bb4 55. h5 c3 56. Nh4 Qa2+ 57. Kh3 Qf2 58. g5 Qe3+ 59. Kh2 Qxg5 60. Nf5 Qxh5+ 61. Kg3 Qg5+ 62. Kh3 Qh5+ 63. Kg3 Qg5+ 64. Kh3 Bf8 65. Qxc3 Qf4 66. Qc4 Qf3+ 67. Kh2 Qf4+ 68. Kh3 Qf3+ 69. Kh2 Qf2+ 70. Kh3 Bc5 71. Qf7 Qf3+ 72. Kh2 Qf4+ 73. Kh3 Qf3+ 74. Kh2 Qf4+ 75. Kh3 Qg5 76. Ng3 Bf2 77. Nf5 Bc5 78. Ng3 Qh6+ 79. Kg4 Qg6+ 80. Qxg6+ Kxg6 81. Nf5 Kf7 82. Kf3 g6 83. Nh4 Bb4 84. Ke2 Kg7 85. Kf3 Kh6 86. Kg4 Be7 87. Nf3 Kg7 88. Ng1 Kf7 89. Nf3 Bc5 90. Nh4 Bf2 91. Ng2 Ke6 92. Kf3 Bc5 93. Nh4 Kf7 94. Kg4 Be3 95. Ng2 Bg5 96. Ne1 Bf4 97. Nf3 Be3 98. Nh4 Bf2 99. Ng2 Bb6 100. Nh4 Ba5 101. Kf3 Bb4 102. Kg4 Bd2 103. Nf3 Bh6 104. Nh4 Bg5 105. Nf3 Ke6 106. Nxg5+ fxg5 107. Kxg5 Kf7 108. Kg4 Kf6 109. Kh4 Kf7 110. Kg4 Kg8 111. Kg3 Kh7 112. Kh4 Kh6 113. Kg4 g5 114. Kf5 Kh5 115. Kxe5 g4 116. Kf5 g3 117. e5 g2 118. e6 g1Q 119. e7 Qg6+ 120. Ke5 0-1

[Event "AI Cup Play In Match"]
[Site "Chess.com INT"]
[Date "2023.09.18"]
[Round "1.2"]
[White "Gledura, Benjamin"]
[Black "Esipenko, Andrey"]
[Result "1/2-1/2"]
[WhiteElo "2633"]
[BlackElo "2683"]
[PlyCount "124"]
[EventDate "2023.09.18"]
[EventType "k.o. (rapid)"]
[EventRounds "1"]
[EventCountry "USA"]
[SourceTitle "EXT 2024"]
[Source "ChessBase"]
[SourceDate "2023.10.10"]
[SourceVersion "1"]
[SourceVersionDate "2023.10.10"]
[SourceQuality "1"]

1. d4 d5 2. c4 e6 3. Nc3 Nf6 4. cxd5 exd5 5. Bf4 c5 6. e3 Nc6 7. Nf3 c4 8. Bg5 Be6 9. Bxf6 Qxf6 10. g3 Bb4 11. Bg2 0-0 12. Ng1 Bxc3+ 13. bxc3 Rad8 14. Rb1 Rd7 15. Ne2 a6 16. Rb6 Bf5 17. Qc1 g5 18. Qb2 Qe7 19. 0-0 h5 20. Qd2 Re8 21. Re1 f6 22. Nc1 Qd8 23. Rb2 Rde7 24. f3 Qa5 25. h4 gxh4 26. gxh4 Qa3 27. Kh1 Rxe3 28. Rxe3 Rxe3 29. Qxe3 Qxb2 30. Ne2 Kf7 31. Nf4 Ne7 32. Nxh5 Qb1+ 33. Kh2 Bd7 34. Qf4 Qf5 35. Qxf5 Bxf5 36. Nf4 Bd7 37. Bh3 f5 38. Kg3 Kf6 39. Nh5+ Kg6 40. Nf4+ Kh6 41. Ne2 Be6 42. Nf4 Bf7 43. Ng2 Kg7 44. Ne3 Kf6 45. f4 Nc8 46. Nxf5 Nb6 47. Ne3 Na4 48. Nd1 Bg6 49. f5 Bxf5 50. Bxf5 Kxf5 51. Ne3+ Ke6 52. Nd1 b5 53. Kf4 a5 54. a3 Kf6 55. h5 b4 56. axb4 axb4 57. cxb4 c3 58. Nxc3 Nxc3 59. h6 Kg6 60. Ke5 Kxh6 61. b5 Nxb5 62. Kxd5 Nxd4 1/2-1/2

[Event "AI Cup Play In"]
[Site "Chess.com INT"]
[Date "2023.09.18"]
[Round "6"]
[White "Gledura, Benjamin"]
[Black "Ponkratov, Pavel"]
[Result "1-0"]
[WhiteElo "2633"]
[BlackElo "2595"]
[PlyCount "67"]
[EventDate "2023.09.18"]
[EventType "swiss (rapid)"]
[EventRounds "9"]
[EventCountry "USA"]
[SourceTitle "EXT 2024"]
[Source "ChessBase"]
[SourceDate "2023.10.10"]
[SourceVersion "1"]
[SourceVersionDate "2023.10.10"]
[SourceQuality "1"]

1. d4 e6 2. c4 Nf6 3. Nc3 Bb4 4. e3 0-0 5. Bd3 b6 6. Nge2 Bb7 7. 0-0 d5 8. cxd5 exd5 9. Nf4 Nbd7 10. Qf3 c6 11. Bd2 Re8 12. Rad1 Bd6 13. Rfe1 Qc7 14. Rc1 Bxf4 15. exf4 c5 16. f5 Rxe1+ 17. Rxe1 a6 18. Bf4 Qc6 19. g4 h6 20. h4 cxd4 21. Ne2 Nc5 22. g5 Nfe4 23. Rd1 hxg5 24. hxg5 Nxd3 25. Rxd3 Qc2 26. g6 fxg6 27. fxg6 Re8 28. Nxd4 Qxb2 29. Kg2 Bc8 30. Bc1 Bh3+ 31. Kxh3 Qxf2 32. Nf5 Rf8 33. Ne7+ Kh8 34. Qh5# 1-0

[Event "Julius Baer Rapid Div 3 L"]
[Site "Chess.com INT"]
[Date "2023.08.31"]
[Round "2.1"]
[White "Kramnik, Vladimir"]
[Black "Gledura, Benjamin"]
[Result "1-0"]
[WhiteElo "2753"]
[BlackElo "2633"]
[PlyCount "111"]
[EventDate "2023.08.30"]
[EventType "k.o. (rapid)"]
[EventRounds "8"]
[EventCountry "GER"]
[SourceTitle "EXT 2024"]
[Source "ChessBase"]
[SourceDate "2023.10.10"]
[SourceVersion "1"]
[SourceVersionDate "2023.10.10"]
[SourceQuality "1"]

1. e4 e5 2. Nf3 Nc6 3. Bc4 Nf6 4. d3 Bc5 5. 0-0 d6 6. c3 Bb6 7. a4 0-0 8. Nbd2 a5 9. Bb3 Be6 10. Nc4 Ba7 11. Bg5 h6 12. Bh4 Kh8 13. Ne3 Rg8 14. Nf5 Bxf5 15. exf5 Qd7 16. Bxf6 gxf6 17. Nh4 Rg5 18. Qf3 Rag8 19. Kh1 R8g7 20. g3 Bb6 21. Rae1 Ne7 22. Qxb7 Nxf5 23. Nxf5 Qxf5 24. Qe4 Qh3 25. Qa8+ Rg8 26. Qg2 Qd7 27. Bd5 Qxa4 28. Bxf7 Rf8 29. Bd5 Qg4 30. Re4 Qd7 31. f4 exf4 32. Rexf4 Qg7 33. Qf3 Ba7 34. Bc6 Bb6 35. d4 Ba7 36. Rxf6 Rxf6 37. Qxf6 Qxf6 38. Rxf6 Kg7 39. Rf2 Bb6 40. Kg2 Rg6 41. Re2 Rf6 42. h4 Rf7 43. Kh3 Kf8 44. Kg4 Kg7 45. Bd5 Rf6 46. Bc6 Rf7 47. Kh3 Rf6 48. g4 Rf1 49. Kg2 Rf7 50. Kg3 Rf1 51. g5 hxg5 52. hxg5 Rg1+ 53. Kh4 Rf1 54. Kh5 Rf4 55. Re7+ Kf8 56. Rd7 1-0

[Event "Julius Baer Rapid Div 3 L"]
[Site "Chess.com INT"]
[Date "2023.08.30"]
[Round "1.1"]
[White "Hakobyan, Aram"]
[Black "Gledura, Benjamin"]
[Result "0-1"]
[WhiteElo "2617"]
[BlackElo "2633"]
[PlyCount "182"]
[EventDate "2023.08.30"]
[EventType "k.o. (rapid)"]
[EventRounds "8"]
[EventCountry "GER"]
[SourceTitle "EXT 2024"]
[Source "ChessBase"]
[SourceDate "2023.10.10"]
[SourceVersion "1"]
[SourceVersionDate "2023.10.10"]
[SourceQuality "1"]

1. e4 e5 2. Nf3 Nc6 3. Bc4 Nf6 4. d3 Be7 5. 0-0 0-0 6. Re1 d6 7. c3 h6 8. Bb3 Re8 9. Nbd2 Bf8 10. Nf1 Be6 11. Ba4 Rb8 12. Ng3 b5 13. Bc2 b4 14. Ba4 Bd7 15. d4 bxc3 16. bxc3 Qc8 17. h3 Qa6 18. Bc2 exd4 19. cxd4 Nb4 20. Bb1 Ba4 21. Qd2 c5 22. d5 c4 23. Bb2 Nd7 24. Bc3 Nd3 25. Bxd3 cxd3 26. Re3 Nc5 27. Nd4 Bd7 28. Rae1 Qc4 29. Nh5 Re5 30. Nf4 Rc8 31. Ba1 Nxe4 32. Qxd3 Nf6 33. Nde2 Rxe3 34. Qxe3 Nxd5 35. Qxa7 Nxf4 36. Nxf4 Qxf4 37. Qxd7 Rc2 38. Qa7 Qd2 39. Rf1 Rxa2 40. Qb8 Rc2 41. Qb1 d5 42. Bd4 Qe2 43. Re1 Qc4 44. Qd1 Qc6 45. Qa1 Rc4 46. Qd1 Bb4 47. Rf1 Bc5 48. Bxc5 Qxc5 49. Qh5 Rc1 50. g3 Rxf1+ 51. Kxf1 Qc4+ 52. Kg1 Qe4 53. Qd1 g6 54. Qc1 h5 55. Qc8+ Kg7 56. Qb7 Qf5 57. Qb2+ Qf6 58. Qd2 Qe5 59. h4 d4 60. Qd3 Kf6 61. Kf1 Ke6 62. Qa6+ Qd6 63. Qc4+ Qd5 64. Qa6+ Kf5 65. Qc8+ Kf6 66. Qa6+ Kg7 67. Qd3 Kf6 68. Qa6+ Kf5 69. Qc8+ Ke4 70. Qe8+ Qe6 71. Qa8+ Qd5 72. Qe8+ Kd3 73. Qe2+ Kc3 74. Qe1+ Kc4 75. Qc1+ Kb5 76. Qb2+ Kc6 77. Qc2+ Kb6 78. Ke1 Kb5 79. Qb2+ Kc5 80. Qa3+ Kc6 81. Qa8+ Kd6 82. Qd8+ Ke6 83. Qe8+ Kf5 84. Qa4 Qe4+ 85. Kd2 Kg4 86. Qd1+ Qf3 87. Qf1 d3 88. Kc3 Qe2 89. Qg2 d2 90. Qd5 d1Q 91. f3+ Kxg3 0-1

[Event "Titled Tuesday intern op 29th Aug Late"]
[Site "Chess.com INT"]
[Date "2023.08.29"]
[Round "5"]
[White "Gledura, Benjamin"]
[Black "Makarian, Rudik"]
[Result "1-0"]
[WhiteElo "2637"]
[BlackElo "2546"]
[PlyCount "85"]
[EventDate "2023.08.29"]
[EventType "swiss (blitz)"]
[EventRounds "11"]
[EventCountry "USA"]
[SourceTitle "EXT 2024"]
[Source "ChessBase"]
[SourceDate "2023.10.10"]
[SourceVersion "1"]
[SourceVersionDate "2023.10.10"]
[SourceQuality "1"]

1. c4 c6 2. Nf3 d5 3. e3 Nf6 4. Nc3 a6 5. b3 Bf5 6. Bb2 e6 7. Nh4 Bg4 8. Qc2 Bh5 9. h3 Nfd7 10. g4 Qxh4 11. gxh5 Nf6 12. Be2 Nbd7 13. 0-0-0 Qxf2 14. Rdf1 Qg3 15. Rhg1 Qd6 16. h6 gxh6 17. Kb1 Be7 18. Rg7 Kf8 19. Rg2 b5 20. cxd5 cxd5 21. Nd1 Rg8 22. Rxg8+ Kxg8 23. Nf2 e5 24. Ng4 Nxg4 25. Bxg4 Nf8 26. Qf5 Qg6 27. Bxe5 Rd8 28. Bh5 Qxf5+ 29. Rxf5 Ng6 30. Bd4 Bf8 31. Bf6 Rd6 32. Bf3 Bg7 33. Bxg7 Kxg7 34. Rxd5 Rf6 35. Bg4 Rc6 36. b4 Ne7 37. Rd7 Ng6 38. d4 Rc4 39. Be6 Rxb4+ 40. Kc2 Kf6 41. Bb3 a5 42. Rxf7+ Kg5 43. a3 1-0

[Event "Titled Tuesday intern op 29th Aug Late"]
[Site "Chess.com INT"]
[Date "2023.08.29"]
[Round "6"]
[White "Kollars, Dmitrij"]
[Black "Gledura, Benjamin"]
[Result "1/2-1/2"]
[WhiteElo "2628"]
[BlackElo "2637"]
[PlyCount "131"]
[EventDate "2023.08.29"]
[EventType "swiss (blitz)"]
[EventRounds "11"]
[EventCountry "USA"]
[SourceTitle "EXT 2024"]
[Source "ChessBase"]
[SourceDate "2023.10.10"]
[SourceVersion "1"]
[SourceVersionDate "2023.10.10"]
[SourceQuality "1"]

1. e4 c5 2. c3 d5 3. exd5 Qxd5 4. d4 Nf6 5. Nf3 e6 6. Na3 Nc6 7. Nb5 Qd8 8. dxc5 Bxc5 9. Qxd8+ Kxd8 10. b4 Bb6 11. a4 a6 12. Nd6 Ke7 13. Nc4 Bc7 14. b5 Na5 15. Ba3+ Ke8 16. 0-0-0 Ne4 17. Bd6 Nxd6 18. Nxd6+ Ke7 19. Nxc8+ Rhxc8 20. Kc2 Bb6 21. Ne5 Rc7 22. f4 f6 23. Nf3 Nc4 24. Bxc4 Rxc4 25. Rb1 Ba5 26. bxa6 Rxc3+ 27. Kd1 Rd8+ 28. Ke2 bxa6 29. Rb7+ Rd7 30. Rhb1 Bc7 31. g3 Rc4 32. R1b4 Rxb4 33. Rxb4 Kd6 34. Rc4 Bb6 35. Nd2 Rc7 36. Ne4+ Kd5 37. Rxc7 Bxc7 38. Kd3 Ba5 39. h3 h6 40. g4 f5 41. Ng3 g6 42. Ne2 fxg4 43. hxg4 h5 44. gxh5 gxh5 45. Ng1 h4 46. Nh3 Be1 47. Ng5 Bg3 48. Nh3 a5 49. Ke3 Kc4 50. Ke4 Kb4 51. Ke5 Kxa4 52. Kxe6 Bxf4 53. Nxf4 Kb3 54. Kf5 a4 55. Kg4 Kc4 56. Ne2 a3 57. Nc1 Kc3 58. Kxh4 Kb2 59. Nd3+ Kb1 60. Nb4 Kb2 61. Kg3 Kb3 62. Nd3 Kc3 63. Nc1 Kc2 64. Na2 Kb2 65. Nb4 a2 66. Nxa2 1/2-1/2